[Event "17th Aeroflot Open-A 2019"]
[Site "Moscow"]
[Date "2019.02.23"]
[Round "5.26"]
[White "Tsydypov, Zhamsaran"]
[Black "Alekseenko, Kirill"]
[Result "1/2-1/2"]
[WhiteElo "2547"]
[BlackElo "2634"]
[Annotator "ChessBase"]
[PlyCount "92"]
[EventDate "2019.02.19"]
[EventCountry "RUS"]
[SourceTitle "playchess.com"]
[Source "ChessBase"]
[SourceQuality "1"]
[TimeControl "40/5400+30:1800+30"]

1. e4 {[%emt 0:08:59]} e5 {[%emt 0:00:00]} 2. Nf3 {[%emt 0:00:54]} Nc6 {[%emt 0:00:09]} 3. d4 {[%emt 0:00:17]} exd4 {[%emt 0:00:36]} 4. Nxd4 {[%emt 0:00:15]} Bc5 {[%emt 0:01:02]} 5. Nb3 {[%emt 0:00:49]} Bb6 {[%emt 0:01:12]} 6. Nc3 {[%emt 0:00:20]} d6 {[%emt 0:01:11]} 7. Qe2 {[%emt 0:01:55]} Be6 {[%emt 0:01:56]} 8. Be3 {[%emt 0:00:41]} Nf6 {[%emt 0:00:50]} 9. O-O-O {[%emt 0:01:45]} O-O {[%emt 0:00:25]} 10. f3 {[%emt 0:00:45]} Bxe3+ {[%emt 0:03:09]} 11. Qxe3 {[%emt 0:01:15]} a6 {[%emt 0:00:05]} 12. g4 {[%emt 0:01:54]} b5 {[%emt 0:02:45]} 13. g5 {[%emt 0:02:47]} Nd7 {[%emt 0:00:38]} 14. f4 {[%emt 0:00:37]} Nb6 {[%emt 0:11:57]} 15. Nd4 {[%emt 0:11:11]} Nxd4 {[%emt 0:17:14]} 16. Qxd4 {[%emt 0:00:14]} Re8 {[%emt 0:01:26]} 17. Rg1 {[%emt 0:07:47]} Qe7 {[%emt 0:05:10]} 18. f5 {[%emt 0:10:29]} Bd7 {[%emt 0:00:40]} 19. f6 {[%emt 0:10:59]} Qe5 {[%emt 0:00:27]} 20. fxg7 {[%emt 0:00:21]} Bc6 {[%emt 0:03:56]} 21. h4 {[%emt 0:07:17]} Kxg7 {[%emt 0:08:45]} 22. Bg2 {[%emt 0:03:34]} Qxd4 {[%emt 0:10:54]} 23. Rxd4 {[%emt 0:00:03]} f6 {[%emt 0:03:17]} 24. gxf6+ {[%emt 0:07:29]} Kxf6 {[%emt 0:02:51]} 25. Rdd1 {[%emt 0:02:02]} Ke5 {[%emt 0:07:46]} 26. Nd5 {[%emt 0:02:36]} Bxd5 {[%emt 0:00:04]} 27. exd5 {[%emt 0:00:05]} Nc4 {[%emt 0:00:31]} 28. Bh3 {[%emt 0:03:06]} Rg8 {[%emt 0:07:02]} 29. Rge1+ {[%emt 0:02:07]} Kf4 {[%emt 0:00:06]} 30. Rd4+ {[%emt 0:00:52]} Kg3 {[%emt 0:01:45]} 31. Be6 {[%emt 0:00:30]} Rgf8 {[%emt 0:00:34]} 32. b3 {[%emt 0:02:19]} Kf2 {[%emt 0:02:09]} 33. Rde4 {[%emt 0:01:33]} Ne5 {[%emt 0:00:22]} 34. R4e2+ {[%emt 0:00:47]} Kg3 {[%emt 0:03:21]} 35. Rg1+ {[%emt 0:00:42]} Kf3 {[%emt 0:00:59]} 36. Kd2 {[%emt 0:00:43]} h5 {[%emt 0:00:11]} 37. Rg5 {[%emt 0:06:01]} Rf4 {[%emt 0:00:06]} 38. Rxh5 {[%emt 0:00:11]} Raf8 {[%emt 0:01:18]} 39. Re3+ {[%emt 0:00:48]} Kf2 {[%emt 0:00:56]} 40. Rc3 {[%emt 0:00:00]} Rd4+ {[%emt 0:00:00]} 41. Kc1 {[%emt 0:01:17]} b4 {[%emt 0:08:31]} 42. Rxc7 {[%emt 0:01:55]} Ke3 {[%emt 0:00:14]} 43. Rf5 {[%emt 0:03:16]} Rxf5 {[%emt 0:00:17]} 44. Bxf5 {[%emt 0:00:11]} Rxh4 {[%emt 0:00:17]} 45. Ra7 {[%emt 0:05:39]} Rh5 {[%emt 0:00:46]} 46. Bc8 {[%emt 0:04:41]} Rh1+ {[%emt 0:00:08]} 1/2-1/2

[Event "17th Aeroflot Open-A 2019"]
[Site "Moscow"]
[Date "2019.02.23"]
[Round "5.27"]
[White "Kobalia, Mikhail"]
[Black "Santos Ruiz, Miguel"]
[Result "1/2-1/2"]
[WhiteElo "2627"]
[BlackElo "2554"]
[Annotator "TA"]
[PlyCount "91"]
[EventDate "2019.02.19"]
[EventCountry "RUS"]
[SourceTitle "playchess.com"]
[Source "ChessBase"]
[SourceQuality "1"]

{[%evp 13,91,13,27,5,10,11,18,0,15,15,19,0,0,0,0,0,23,16,33,9,14,21,34,11,20,24,50,45,36,20,22,24,20,17,24,27,42,47,49,50,48,27,25,37,130,106,104,24,162,140,262,89,89,46,74,25,35,35,38,10,9,10,10,0,0,0,0,0,0,0,0,0,0,0,0,0,7,0,0,0]} 1. e4 e5 2. Nf3 Nc6 3. Bc4 Bc5 4. d3 Nf6 5. O-O d6 6. a4 a5 7. c3 O-O 8. Nbd2 {[%cal Bb1d2,Bd2f1,Bf1g3][%mdl 32] C54: Giuoco Piano: 4 c3 Nf6, main lines with 5 d4 and 5 d3} Be6 9. Bxe6 fxe6 10. Re1 $146 ({Predecessor:} 10. Nc4 Qe8 11. Be3 Bxe3 12. Nxe3 b6 13. Re1 Rd8 14. Qe2 Qf7 15. Nd2 {1-0 (26) Anand,V (2770)-Giri,A (2782) Leuven 2016}) 10... d5 11. Qb3 Qd7 12. Nf1 h6 13. Be3 Bd6 14. Ng3 Kh8 15. Qb5 b6 16. Rad1 Rae8 17. Bc1 Bc5 18. d4 exd4 19. e5 Nh7 20. cxd4 Bb4 21. Bd2 {Threatens to win with Bxb4.} Bxd2 22. Rxd2 Rf7 23. Rc1 Nb4 24. Ne1 Rc8 25. Nd3 $36 {[%mdl 2048] White is more active.} Qxb5 26. axb5 c5 27. dxc5 Nxd3 28. Rxd3 {aiming for c6.} Rxc5 ({Better is} 28... bxc5 $14 29. Ne2 Rb7) 29. Rxc5 $16 bxc5 $14 {[%mdl 4096] Endgame KRN-KRN} 30. Ra3 ({White should play} 30. Rc3 $1 $16) 30... Rf4 (30... Nf8 $1 $11) 31. Rxa5 $18 {b6 is the strong threat.} Ng5 {[#]} (31... g6 $16) 32. b6 $2 (32. Nh5 $1 $18 {[%cal Rh5f4]} Rb4 {[#]} 33. h4 $1 {[%mdl 512]}) 32... Rb4 $16 33. Rxc5 {And now f4! would win.} Rxb6 34. h4 Nf7 35. f4 g5 $1 36. Rc7 Kg8 {The position is equal.} 37. Nh5 {Black must now prevent hxg5.} gxf4 38. Nf6+ Kg7 39. Kf2 Rxb2+ (39... Kg6 $5 40. h5+ $8 Kg7 $11) 40. Kf3 Rb3+ 41. Kxf4 Rb4+ 42. Kg3 Rb3+ 43. Kg4 Rb4+ 44. Kh5 Rb2 45. g3 Rf2 46. Nxd5 {Accuracy: White = 42%, Black = 47%.} 1/2-1/2

[Event "17th Aeroflot Open-A 2019"]
[Site "Moscow"]
[Date "2019.02.23"]
[Round "5.28"]
[White "Aryan Chopra"]
[Black "Paravyan, David"]
[Result "0-1"]
[WhiteElo "2540"]
[BlackElo "2627"]
[Annotator "TA"]
[PlyCount "152"]
[EventDate "2019.02.19"]
[EventCountry "RUS"]
[SourceTitle "playchess.com"]
[Source "ChessBase"]
[SourceQuality "1"]

{[%evp 10,152,0,0,-2,-1,-6,-15,-20,-25,0,-7,-2,-13,-2,-12,-6,-5,-6,-33,0,-5,6,-8,-9,-13,9,9,9,4,9,-17,-12,-17,-12,-37,-33,-35,-35,-57,-30,-41,-7,-21,-31,-20,-22,-18,0,-27,0,-21,-24,-26,-3,-42,-41,-42,-41,-36,0,-43,-15,-43,-42,-27,-39,-35,-31,-57,-59,-80,-87,-87,-77,-88,-31,-31,-31,-20,0,0,0,0,0,0,0,-8,-8,-8,0,-4,0,-78,-78,-78,-78,-91,-72,-72,-72,-73,-72,-79,-79,-165,0,0,0,-663,-536,-381,-262,-1704,-1692,-1693,-1647,-1552,-556,-1657,-1623,-1552,-1552,-1058,-1500,-1377,-1316,-1291,-1302,-1294,-1251,-1168,-1115,-6621,-5700,-29964,-29961,-29977,-29978,-29987,-29987,-29987,-29988,-29988,-29988]} 1. e4 e5 2. Nf3 Nc6 3. Nc3 Nf6 4. g3 Bc5 5. Bg2 d6 6. d3 a5 {C26: Vienna Game: 2...Nf6, sidelines} (6... a6 7. O-O h6 8. h3 Be6 9. Kh2 d5 10. exd5 Nxd5 11. Nxe5 Nxe5 12. d4 Nxc3 13. bxc3 Qf6 14. dxc5 Rd8 15. Qh5 g6 16. Qh4 Nf3+ 17. Bxf3 Qxf3 {½-½ (76) Kamsky,G (2670)-Shirov,A (2652) Sochi 2018}) 7. O-O O-O 8. Na4 $146 ({Predecessor:} 8. h3 h6 9. Be3 Bxe3 10. fxe3 Ne7 11. Nh4 c6 12. Kh2 Be6 13. d4 d5 14. Rxf6 gxf6 {0-1 (52) Utegaliev,A (2522)-Batchuluun,T (2525) Chengdu 2017}) 8... Ba7 {The position is equal.} 9. c4 Nd7 10. Nc3 Nc5 11. Be3 Bg4 12. Qd2 Ne6 13. Bxa7 Rxa7 14. Nb5 Ra6 15. Ne1 Ncd4 16. Nxd4 Nxd4 (16... exd4 $2 17. h3 $18) 17. Nc2 Nf3+ 18. Bxf3 $1 Bxf3 19. Qe3 Bh5 20. f4 f6 21. Rae1 Qd7 22. Qd2 b5 23. Ne3 Bf7 24. Rc1 Rb8 25. Rc2 Be6 26. Rfc1 exf4 27. gxf4 {f5 is the strong threat.} bxc4 28. dxc4 a4 29. Qd4 c5 30. Qd3 Rab6 31. Rb1 Kh8 32. Rd2 Qe8 33. Nd5 R6b7 34. Nc3 h6 35. Rg2 ({Not} 35. Qxd6 $2 Rd7 $19) 35... Qc6 36. Rd2 Rb4 37. Qxd6 Qxd6 38. Rxd6 Rxc4 39. Rxe6 Rxc3 $1 {[%mdl 64] [#] Remove Defender} 40. bxc3 Rxb1+ $15 {[%mdl 4096] Endgame KR-KR} 41. Kf2 Rb2+ 42. Kg3 Rc2 (42... a3 $17 43. Ra6 Rxa2) 43. Rc6 Rxc3+ 44. Kg4 Rc2 {aiming for ...a3.} 45. h4 a3 46. h5 Kh7 ({But not} 46... Rxa2 47. Rxc5 Rf2 48. Ra5 $15) 47. Rc8 c4 48. Kf5 Rh2 ({Don't do} 48... Rxa2 49. Rxc4 Rh2 50. Kg4 $17) 49. Kg4 Rxa2 50. Rxc4 Ra1 51. Kf5 (51. Ra4 $11) 51... Rh1 $17 52. Ra4 Rxh5+ 53. Kg4 Rb5 (53... Rc5 {feels hotter.} 54. Rxa3 h5+ 55. Kh4 Kh6 56. Ra6 Rc4) 54. Rxa3 h5+ 55. Kg3 g5 56. Ra6 Kg7 {And now ...Rb3+ would win.} 57. e5 (57. Ra7+ $17 {might work better.} Kh6 58. Ra6) 57... fxe5 $2 (57... gxf4+ $19 58. Kxf4 Rxe5) 58. fxg5 $11 Rb4 {Hoping for ...Rg4+.} 59. Kf3 $2 {[%mdl 8192] [#]} (59. Re6 $11) 59... Rf4+ $1 $19 60. Ke3 Rg4 61. Ra7+ $2 (61. Rb6) 61... Kg6 62. Ra8 Rxg5 63. Kf3 Rg4 (63... h4 $142 64. Rg8+ Kf5 65. Rf8+ Ke6 66. Re8+ Kf5 67. Rf8+ Ke6 68. Re8+ Kf6) 64. Rg8+ Kf5 65. Rf8+ Kg5 {( -> ...Rf4+)} 66. Re8 Rf4+ 67. Ke3 Kf5 68. Rf8+ Kg4 69. Rg8+ Kh4 70. Rg7 Rg4 71. Re7 Kg3 72. Rxe5 h4 {Black mates.} 73. Ke2 h3 74. Kf1 Rf4+ 75. Ke2 h2 76. Rg5+ Rg4 {Accuracy: White = 48%, Black = 59%.} 0-1

[Event "17th Aeroflot Open-A 2019"]
[Site "Moscow"]
[Date "2019.02.23"]
[Round "5.29"]
[White "Grachev, Boris"]
[Black "Lobanov, Sergei"]
[Result "1-0"]
[WhiteElo "2626"]
[BlackElo "2526"]
[Annotator "TA"]
[PlyCount "37"]
[EventDate "2019.02.19"]
[EventCountry "RUS"]
[SourceTitle "playchess.com"]
[Source "ChessBase"]
[SourceQuality "1"]

{[%evp 9,37,16,7,0,-2,-17,8,4,13,-4,8,0,8,10,0,-2,34,39,33,33,25,26,25,31,113,115,124,128,289,287]} 1. Nf3 {Ramirez Alvarez,Alejandro} d5 2. e3 c5 3. b3 Nc6 4. Bb5 Nf6 5. Ba3 $146 ({Predecessor:} 5. Bxc6+ bxc6 6. Bb2 e6 7. d3 Bd6 8. c4 O-O 9. Nc3 e5 10. e4 d4 11. Ne2 Nh5 12. Ng3 {1-0 (30) Nakamura,H (2776)-Karjakin,S (2760) Zuerich 2015 CBM 164 Extra [Ramirez Alvarez,Alejandro]}) 5... e6 6. Bxc6+ {A06: Réti Opening:1 Nf3 d5} bxc6 7. Nc3 Bd6 8. Na4 {The position is equal.} Qe7 9. d4 Nd7 10. O-O cxd4 11. Bxd6 Qxd6 12. exd4 c5 13. c4 Bb7 14. dxc5 Nxc5 15. b4 $36 {[%mdl 2048] Black is under pressure.} Nxa4 16. Qxa4+ Bc6 ({Black should try} 16... Qd7 $14 17. Qxd7+ Kxd7) 17. Qa6 $16 Qc7 18. Nd4 Bb7 $2 {[#]} (18... Bd7 $16 {was necessary.}) 19. Nb5 $1 {[%csl LRa7,LRc7] Precision: White = 76%, Black = 31%.} 1-0

[Event "17th Aeroflot Open-A 2019"]
[Site "Moscow"]
[Date "2019.02.23"]
[Round "5.30"]
[White "Puranik, Abhimanyu"]
[Black "Van Foreest, Jorden"]
[Result "1/2-1/2"]
[WhiteElo "2538"]
[BlackElo "2618"]
[Annotator "ChessBase"]
[PlyCount "37"]
[EventDate "2019.02.19"]
[EventCountry "RUS"]
[SourceTitle "playchess.com"]
[Source "ChessBase"]
[SourceQuality "1"]
[TimeControl "40/5400+30:1800+30"]

1. Nf3 {[%emt 0:00:00]} c5 {[%emt 0:01:42]} 2. g3 {[%emt 0:00:00]} Nc6 {[%emt 0:01:03]} 3. Bg2 {[%emt 0:00:08]} d5 {[%emt 0:01:29]} 4. d4 {[%emt 0:00:38]} Nf6 {[%emt 0:01:48]} 5. O-O {[%emt 0:00:12]} e6 {[%emt 0:01:50]} 6. c4 {[%emt 0:00:24]} dxc4 {[%emt 0:00:11]} 7. dxc5 {[%emt 0:00:44]} Qxd1 {[%emt 0:00:19]} 8. Rxd1 {[%emt 0:00:04]} Bxc5 {[%emt 0:00:06]} 9. Nbd2 {[%emt 0:00:15]} c3 {[%emt 0:00:06]} 10. bxc3 {[%emt 0:00:04]} O-O {[%emt 0:00:07]} 11. Nb3 {[%emt 0:00:27]} Be7 {[%emt 0:00:06]} 12. c4 {[%emt 0:00:51]} Bd7 {[%emt 0:00:43]} 13. Bb2 {[%emt 0:00:54]} Rfd8 {[%emt 0:00:18]} 14. Nfd4 {[%emt 0:00:54]} Rac8 {[%emt 0:00:06]} 15. Nb5 {[%emt 0:00:51]} b6 {[%emt 0:00:05]} 16. Nd6 {[%emt 0:04:13]} Bxd6 {[%emt 0:00:06]} 17. Rxd6 {[%emt 0:00:03]} Be8 {[%emt 0:00:08]} 18. Rxd8 {[%emt 0:06:39]} Nxd8 {[%emt 0:01:46]} 19. Rc1 {[%emt 0:06:11]} 1/2-1/2

[Event "17th Aeroflot Open-A 2019"]
[Site "Moscow"]
[Date "2019.02.23"]
[Round "5.31"]
[White "Xu, Yinglun"]
[Black "Goganov, Aleksey"]
[Result "1-0"]
[WhiteElo "2512"]
[BlackElo "2612"]
[Annotator "TA"]
[PlyCount "107"]
[EventDate "2019.02.19"]
[EventCountry "RUS"]
[SourceTitle "playchess.com"]
[Source "ChessBase"]
[SourceQuality "1"]

{[%evp 28,107,-31,-29,-32,-44,-36,-33,-26,-36,-15,-28,34,33,35,30,92,95,96,103,166,162,153,175,189,194,193,192,192,179,197,191,189,197,196,184,197,197,197,197,197,197,197,197,197,197,216,197,206,197,436,436,436,432,395,373,391,377,344,344,344,313,751,743,795,785,614,599,1825,1558,29965,29966,29965,29964,29967,29968,29966,29968,29985,29986,29986,29987]} 1. d4 d5 2. c4 c6 3. cxd5 cxd5 4. Nc3 Nc6 5. Nf3 Nf6 6. Bf4 Bf5 7. e3 e6 8. Bd3 Bxd3 9. Qxd3 Be7 10. h3 O-O 11. O-O Rc8 12. Rac1 a6 13. Ne5 Nxe5 {D13: Slav Defence: Exchange variation without ...Bf5} 14. Bxe5 Nd7 {[%cal Bf6d7,Bd7b6,Bb6c4][%mdl 32]} 15. Bg3 {LiveBook: 4 Games} Qa5 {Black has an edge.} (15... Nb6 16. Rc2 Qd7 17. Rfc1 Nc4 18. Nd1 Rc6 19. b3 Na5 20. Qd2 Rfc8 21. Nb2 {½-½ (97) Timofeev,A (2593)-Hovhannisyan,R (2636) Moscow 2016}) 16. Qb1 Nb6 17. Rfd1 Nc4 18. Rc2 $146 ({Predecessor:} 18. Ne2 Qb5 19. Qd3 Nxb2 20. Qxb5 axb5 21. Rf1 {0-1 (29) Ushakova,I (2205)-Olbrich,M (2280) Moscow 1994}) 18... Rc6 19. e4 dxe4 (19... Nb6 $11) 20. d5 $1 $14 {[%cal Rd5c6]} exd5 $1 21. Nxd5 Bd8 {[#]} (21... Bg5 $11) 22. Bc7 $1 $36 {[%cal Rc7a5][%mdl 2048] Keeping Black busy.} Rxc7 23. Nxc7 Qxc7 (23... e3 $16 24. Rxc4 exf2+ 25. Kxf2 Bxc7) 24. b3 $18 e3 25. fxe3 ({Not} 25. bxc4 exf2+ 26. Rxf2 Qc5 $11) 25... Qg3 26. Rxc4 Qxe3+ 27. Kh1 Bf6 28. Qe4 Qf2 29. Qc2 Qg3 30. Rc8 {[#] White wants to mate with Rxf8+.} g6 31. Qd3 Qg5 32. Rxf8+ Kxf8 33. Qd5 Qxd5 34. Rxd5 {[%mdl 4096] Endgame KR-KB} Ke7 35. g4 Ke6 36. Rd1 Be5 37. Kg2 b6 38. Kf3 f5 $2 (38... Bd6 {was necessary.} 39. Rc1 Kd7) 39. gxf5+ Kxf5 40. Rd7 h5 41. Rf7+ Ke6 42. Rb7 Bd4 43. Ke4 Bf2 44. Rc7 g5 $2 (44... a5 45. Rc6+ Kf7) 45. Rc6+ Kd7 46. Rf6 Bc5 47. Rg6 g4 48. hxg4 hxg4 49. Kd5 {White mates.} Bf2 50. Rg7+ Kc8 51. Kc6 {[%cal Rg7g8]} Kb8 52. Rxg4 b5 53. a4 bxa4 54. Rxa4 {Precision: White = 86%, Black = 35%.} 1-0

[Event "17th Aeroflot Open-A 2019"]
[Site "Moscow"]
[Date "2019.02.23"]
[Round "5.32"]
[White "Liu, Yan"]
[Black "Esipenko, Andrey"]
[Result "1/2-1/2"]
[WhiteElo "2498"]
[BlackElo "2603"]
[Annotator "TA"]
[PlyCount "56"]
[EventDate "2019.02.19"]
[EventCountry "RUS"]
[SourceTitle "playchess.com"]
[Source "ChessBase"]
[SourceQuality "1"]

{[%evp 19,56,0,12,2,33,-23,-23,-27,-21,-23,-16,-33,-13,-18,0,-5,0,-15,-5,0,6,-7,0,0,37,0,0,0,0,0,0,0,14,0,0,0,0,0,0]} 1. Nf3 Nf6 2. c4 g6 3. b3 Bg7 4. Bb2 c5 5. g3 d6 6. Bg2 e5 7. d3 O-O 8. O-O Nc6 9. Nc3 Ne8 10. Nd2 {A38: Symmetrical English vs ...g6: 4 Bg2 Bg7 5 Nf3 Nf6} Nc7 {LiveBook: 8 Games} 11. Nd5 (11. a3 a5 12. e3 Rb8 13. Nd5 b5 14. Qc2 Be6 15. Rae1 f5 16. f4 bxc4 17. dxc4 e4 18. Bxg7 Kxg7 {½-½ (70) Artemiev,V (2709)-Carlsen,M (2835) St Petersburg 2018}) 11... Nxd5 $146 ({Predecessor:} 11... Be6 12. a3 Rb8 13. Bc3 a5 14. e3 f5 15. Rb1 Bf7 16. b4 axb4 17. axb4 Nxd5 18. cxd5 Nxb4 19. Bxb4 cxb4 20. Rxb4 {0-1 (44) Hulak,K (2475)-Lalic,B (2495) Sarajevo 1988}) 12. Bxd5 ({Better is} 12. cxd5 $14 Nd4 13. e3) 12... Bh3 13. Re1 Qd7 14. Nb1 Ne7 15. Bh1 Rab8 16. Nc3 a6 17. e3 b5 18. Rb1 Be6 19. Qd2 f5 20. a4 b4 21. Nd5 g5 22. Nxe7+ Qxe7 {The position is equal.} 23. d4 Rbd8 24. dxc5 dxc5 25. Bd5 e4 26. Bxg7 Kxg7 27. Qb2+ Kf7 28. Rbd1 Qf6 {Precision: White = 42%, Black = 47%.} 1/2-1/2

[Event "17th Aeroflot Open-A 2019"]
[Site "Moscow"]
[Date "2019.02.23"]
[Round "5.33"]
[White "Safarli, Eltaj"]
[Black "Murzin, Volodar"]
[Result "1/2-1/2"]
[WhiteElo "2681"]
[BlackElo "2337"]
[Annotator "TA"]
[PlyCount "132"]
[EventDate "2019.02.19"]
[EventCountry "RUS"]
[SourceTitle "playchess.com"]
[Source "ChessBase"]
[SourceQuality "1"]

{[%evp 9,132,20,27,30,36,17,28,30,31,31,36,12,21,9,14,26,26,14,14,2,16,13,10,10,21,20,15,0,0,0,0,-14,7,7,7,-23,7,7,7,4,5,1,7,0,0,0,0,0,14,14,37,0,0,0,0,0,0,0,0,0,0,0,0,0,0,0,0,0,0,0,0,0,0,0,0,0,0,0,0,0,0,0,0,0,0,0,0,0,0,0,0,0,0,0,0,0,0,0,0,0,0,0,0,0,0,0,0,0,0,0,0,0,0,0,0,0,0,0,0,0,0,0,0,0,0]} 1. e4 c6 2. d3 d5 3. Nd2 g6 4. Ngf3 Bg7 5. d4 dxe4 6. Nxe4 {B10: Caro-Kann: 2 d3 and 2 c4} Nd7 7. Bc4 Ngf6 8. Nxf6+ {White has an edge.} Nxf6 9. O-O O-O 10. h3 b6 11. Qe2 Bb7 12. Re1 e6 13. Bg5 $146 Qc7 14. Qe5 Nd5 15. Qxc7 Nxc7 16. c3 Nd5 17. Nd2 Bf6 18. h4 Bg7 19. Bxd5 cxd5 20. Bf4 Rac8 21. h5 Rfe8 22. g4 f6 23. hxg6 hxg6 24. g5 fxg5 25. Be5 g4 26. Kg2 Ba6 27. Kg3 Bd3 28. Kxg4 Bf5+ 29. Kg3 Bxe5+ (29... Kf7 {feels hotter.} 30. Nf3 Bf6 31. Rh1 Rh8 32. Rag1 b5) 30. Rxe5 Kg7 {The position is equal.} 31. Nf1 Rh8 32. Ne3 Kf7 33. Re1 Rh6 34. Ng4 Rh5 35. R5e2 Rch8 {[#] Hoping for ...Rh3+.} 36. Ne5+ Kf6 37. f3 Rh3+ 38. Kf2 g5 39. Rg1 Rh2+ 40. Rg2 Rh1 41. Re1 Rxe1 42. Kxe1 $11 {[%mdl 4096] Endgame KRB-KRN} Rh1+ 43. Kf2 Rb1 44. Kg3 Rh1 45. a3 Rh3+ 46. Kf2 Rh1 47. Nc6 a5 48. Ne5 b5 49. Nc6 a4 50. Ne5 Rb1 51. Kg3 Rh1 52. Rd2 Rg1+ 53. Kh2 Re1 54. Kg2 Rb1 55. Kf2 Rh1 56. Kg3 Rg1+ 57. Kh2 Re1 58. Kg2 Rb1 59. Nc6 Bg6 60. Kg3 Rg1+ 61. Rg2 Rb1 62. Rf2 Rg1+ 63. Rg2 Rb1 64. Ne5 Bf5 65. Rh2 Rg1+ 66. Rg2 Rb1 {Accuracy: White = 81%, Black = 81%.} 1/2-1/2

[Event "17th Aeroflot Open-A 2019"]
[Site "Moscow"]
[Date "2019.02.23"]
[Round "5.34"]
[White "Maghsoodloo, Parham"]
[Black "Tahbaz, Arash"]
[Result "1-0"]
[WhiteElo "2666"]
[BlackElo "2484"]
[Annotator "ChessBase"]
[PlyCount "79"]
[EventDate "2019.02.19"]
[EventCountry "RUS"]
[SourceTitle "playchess.com"]
[Source "ChessBase"]
[SourceQuality "1"]
[TimeControl "40/5400+30:1800+30"]

1. d4 {[%emt 0:01:08]} Nf6 {[%emt 0:07:19]} 2. c4 {[%emt 0:00:09]} e6 {[%emt 0:00:06]} 3. Nf3 {[%emt 0:00:04]} d5 {[%emt 0:01:04]} 4. Nc3 {[%emt 0:00:07]} Be7 {[%emt 0:00:04]} 5. Bg5 {[%emt 0:00:06]} h6 {[%emt 0:00:05]} 6. Bh4 {[%emt 0:00:06]} O-O {[%emt 0:00:05]} 7. Qc2 {[%emt 0:00:03]} Ne4 {[%emt 0:03:49]} 8. Bxe7 {[%emt 0:01:33]} Qxe7 {[%emt 0:00:02]} 9. e3 {[%emt 0:00:18]} Nxc3 10. Qxc3 {[%emt 0:02:14]} dxc4 {[%emt 0:23:11]} 11. Bxc4 {[%emt 0:00:19]} b6 {[%emt 0:00:04]} 12. O-O {[%emt 0:01:35]} Bb7 {[%emt 0:04:42]} 13. Be2 {[%emt 0:00:08]} Rc8 {[%emt 0:00:09]} 14. b4 {[%emt 0:00:18]} Nd7 {[%emt 0:01:44]} 15. Rfc1 {[%emt 0:04:32]} c5 {[%emt 0:01:28]} 16. dxc5 {[%emt 0:02:18]} bxc5 {[%emt 0:00:03]} 17. b5 {[%emt 0:00:04]} a6 {[%emt 0:11:10]} 18. a4 {[%emt 0:01:18]} axb5 {[%emt 0:00:08]} 19. Bxb5 {[%emt 0:00:31]} Bc6 {[%emt 0:05:33]} 20. Bxc6 {[%emt 0:02:50]} Rxc6 {[%emt 0:03:05]} 21. Nd2 {[%emt 0:01:39]} c4 {[%emt 0:07:34]} 22. a5 {[%emt 0:00:16]} Nf6 {[%emt 0:04:09]} 23. e4 {[%emt 0:04:18]} Rca6 {[%emt 0:04:14]} 24. Ra2 {[%emt 0:11:42]} Qc5 {[%emt 0:02:13]} 25. e5 {[%emt 0:06:27]} Nd5 {[%emt 0:02:08]} 26. Qxc4 {[%emt 0:00:30]} Qxc4 {[%emt 0:00:11]} 27. Nxc4 {[%emt 0:14:17]} Rc6 {[%emt 0:02:02]} 28. g3 {[%emt 0:00:26]} Rc5 {[%emt 0:07:21]} 29. Kg2 {[%emt 0:04:20]} Ra7 {[%emt 0:02:36]} 30. h4 {[%emt 0:01:58]} h5 {[%emt 0:00:55]} 31. Ra3 {[%emt 0:01:11]} g6 {[%emt 0:00:42]} 32. Raa1 {[%emt 0:02:31]} Nb4 {[%emt 0:02:34]} 33. Nd6 {[%emt 0:02:06]} Rxe5 {[%emt 0:01:05]} 34. Rc4 {[%emt 0:01:35]} Nd3 {[%emt 0:00:59]} 35. Rc8+ {[%emt 0:05:37]} Kh7 {[%emt 0:00:56]} 36. a6 {[%emt 0:00:13]} Rc5 {[%emt 0:02:44]} 37. Ra3 {[%emt 0:06:25]} Rd5 {[%emt 0:00:29]} 38. Nxf7 {[%emt 0:01:23]} Nb4 {[%emt 0:01:42]} 39. Ng5+ {[%emt 0:00:27]} Kg7 {[%emt 0:00:02]} 40. Rc7+ {[%emt 0:00:00]} 1-0